Movies about Historical Events - Statistics

General Stats
  • This quiz has been taken 28 times
  • The average score is 10 of 16
Answer Stats
Picture Hint Answer % Correct
1912 Titanic
100%
1270-1305 Braveheart
92%
1861-1865 Lincoln
92%
1942-1945 Oppenheimer
81%
1939-1945 Schindler's List
81%
1940 Dunkirk
77%
1916-1918 Lawrence of Arabia
77%
1931-1934 Bonnie & Clyde
69%
1970 Apollo 13
65%
1993 Black Hawk Down
58%
1979 Argo
50%
1921-1926 Killers of the Flower Moon
50%
1944 Valkyrie
50%
2011 Zero Dark Thirty
31%
1956-1959 Quiz Show
27%
1962 Thirteen Days
19%
No matching quizzes found
Score Distribution
Percent of People with Each Score
Percentile by Number Answered
Your Score History
You have not taken this quiz